Rubber, tyre sectors eye huge growth (Record no. 68162)

MARC details
000 -LEADER
fixed length control field 00333nam a2200133Ia 4500
100 ## - MAIN ENTRY--AUTHOR NAME
Personal name Pramod Thomas
245 #0 - TITLE STATEMENT
Title Rubber, tyre sectors eye huge growth
260 ## - PUBLICATION, DISTRIBUTION, ETC. (IMPRINT)
Name of publisher Tyre Asia
Year of publication 2017
300 ## - PHYSICAL DESCRIPTION
Number of Pages 48-49
500 ## - GENERAL NOTE
General note Source Year: 2017
650 ## - SUBJECT ADDED ENTRY--TOPICAL TERM
Topical Term Indian tyre sector
942 ## - ADDED ENTRY ELEMENTS (KOHA)
Koha item type Journals
Holdings
Withdrawn status Lost status Damaged status Not for loan Home library Current library Shelving location Date acquired Serial Enumeration / chronology Koha item type
      Journals RRII Library RRII Library Rubber technology 01/01/2021 Volume 8, Issue 4 Journals